000 00467nam a22001817a 4500
003 LK-CoDNM
005 20250102105438.0
008 241220b |||||||| |||| 00| 0 eng d
040 _aLK-CoDNM
_dLK-CoDNM
_eLK-CoDNM
041 _aeng
080 _a3
_bP17
100 _aDEJEAN,COMET
245 _aSPECIES GENERAL DES COLEOPTERES DE LA COLLECTION
_bTOME DROISIEME
260 _aParis
_c1831
300 _aVIII, 380P. : 24 cm
650 _ascience
942 _cBK
999 _c234544
_d234544